Normal view
MARC view
- Ali, Ahmed,
Entry Personal Name
001 - CONTROL NUMBER
- control field: 11638
003 - CONTROL NUMBER IDENTIFIER
- control field: NUST
005 - DATE AND TIME OF LATEST TRANSACTION
- control field: 20180716041635.0
008 - FIXED-LENGTH DATA ELEMENTS
- fixed length control field: 180716|| aca||aabn | a|a d
040 ## - CATALOGING SOURCE
- Original cataloging agency: NUST
- Transcribing agency: NUST
100 ## - HEADING--PERSONAL NAME
- Personal name: Ali, Ahmed,
- Dates associated with a name: 1910-1994.
670 ## - SOURCE DATA FOUND
- Source citation: Work cat.: (NUST)173026: Ali, Ahmed, 1910-1994., Twilight in Delhi :, 1994.
